书目信息 |
| 题名: |
化工腐蚀与防护技术
|
|
| 作者: | 张明慧 , 杨兴全 编 | |
| 分册: | ||
| 出版信息: | 成都 成都出版社 1988.9 |
|
| 页数: | 319页 | |
| 开本: | 26cm | |
| 丛书名: | ||
| 单 册: | ||
| 中图分类: | TQ050.9 | |
| 科图分类: | ||
| 主题词: | 化工机械 , 化工设备 | |
| 电子资源: | ||
| ISBN: | 7-5616-0145-X | |
| 000 | 00608nam0 2200217 45 | |
| 001 | 0181011271 | |
| 005 | 20051115095353.34 | |
| 010 | @a7-5616-0145-X@dCNY6.20 | |
| 100 | @a20810111d km y0chiy0120 ea | |
| 101 | 0 | @achi |
| 102 | @aCN@b510000 | |
| 200 | 1 | @a化工腐蚀与防护技术@Ahua gong fu shi yu fang hu ji shu@f张明慧,杨兴全编@Fzhang ming hui ,yang xing qian |
| 210 | @a成都@c成都出版社@d1988.9 | |
| 215 | @a319页@d26cm | |
| 606 | 0 | @a化工机械 |
| 606 | 0 | @a化工设备 |
| 690 | @aTQ050.9 | |
| 701 | 0 | @a张明慧@4编 |
| 701 | 0 | @a杨兴全@4编 |
| 801 | @aCN@bTSTC@c20051115 | |
| 905 | @dTQ050.9@e31@f1@b240576 | |
| 化工腐蚀与防护技术/张明慧,杨兴全编.-成都:成都出版社,1988.9 |
| 319页;26cm |
| ISBN 7-5616-0145-X:CNY6.20 |
| ● |
| 相关链接 |
|
|
|
|
正题名:化工腐蚀与防护技术
索取号:TQ050.9/31
 
预约/预借
| 序号 | 登录号 | 条形码 | 馆藏地/架位号 | 状态 | 备注 |
| 1 | 0240576 | 202146436 | 密集书库/ [索取号:TQ050.9/31] | 在馆 |